[Event "Nezhmetdinov Memorial 29th"]
[Site "Kazan"]
[Date "2007.06.06"]
[Round "6"]
[White "Homiakova, Ekaterina"]
[Black "Gorbatjuk, Vladimir"]
[Result "1/2-1/2"]
[WhiteElo "2059"]
[BlackElo "2214"]
[PlyCount "130"]
[EventDate "2007.06.01"]
[EventType "swiss"]
[EventRounds "9"]
[EventCountry "RUS"]
[SourceTitle "CBM 119 Extra"]
[Source "ChessBase"]
[SourceDate "2007.09.04"]
[SourceVersion "1"]
[SourceVersionDate "2007.09.04"]
[SourceQuality "1"]

1. e4 e5 2. Nf3 Nc6 3. Bb5 a6 4. Ba4 Nf6 5. 0-0 Nxe4 6. d4 b5 7. Bb3 d5 8. dxe5 Be6 9. Nbd2 Be7 10. Qe2 Nc5 11. c3 0-0 12. Nd4 Nxd4 13. cxd4 Nxb3 14. Nxb3 a5 15. Qxb5 f6 16. exf6 Bxf6 17. Nc5 Bf5 18. Be3 Qd6 19. b3 Be7 20. Rfc1 Qg6 21. Qf1 Rae8 22. Rc3 Bd6 23. Nd3 Re4 24. Ne1 Bxh2+ 25. Kxh2 Rh4+ 26. Kg1 Qh5 27. f3 Rh1+ 28. Kf2 Rxf1+ 29. Kxf1 Re8 30. Rac1 Qh1+ 31. Kf2 Bc8 32. Nc2 Qh4+ 33. Kg1 Qg3 34. Bf2 Qg5 35. Be3 Qg6 36. Ne1 Ba6 37. Kf2 Qc6 38. Nc2 Qb6 39. Ne1 Qe6 40. Nc2 c6 41. Re1 Qf6 42. Rc1 g5 43. Ne1 Re6 44. Nd3 Bxd3 45. Rxd3 g4 46. Rh1 Qg6 47. Rc3 g3+ 48. Ke2 Qg7 49. Rh4 Qb7 50. Rg4+ Rg6 51. Rxg6+ hxg6 52. Bf4 Qb4 53. Rd3 c5 54. Bd2 Qa3 55. dxc5 Qxc5 56. Be3 Qc2+ 57. Rd2 Qf5 58. Bd4 g5 59. Be3 Kf7 60. Bd4 Ke6 61. Kd1 Qb1+ 62. Ke2 Qh1 63. Kd3 Qc1 64. Re2+ Kf5 65. Rd2 Qc6 1/2-1/2

[Event "Nezhmetdinov Memorial 29th"]
[Site "Kazan"]
[Date "2007.06.04"]
[Round "4"]
[White "Gorozhankina, Julia"]
[Black "Gorbatjuk, Vladimir"]
[Result "1-0"]
[WhiteElo "1988"]
[BlackElo "2214"]
[PlyCount "63"]
[EventDate "2007.06.01"]
[EventType "swiss"]
[EventRounds "9"]
[EventCountry "RUS"]
[SourceTitle "CBM 119 Extra"]
[Source "ChessBase"]
[SourceDate "2007.09.04"]
[SourceVersion "1"]
[SourceVersionDate "2007.09.04"]
[SourceQuality "1"]

1. e4 e5 2. Nf3 Nc6 3. Bb5 a6 4. Ba4 Nf6 5. 0-0 b5 6. Bb3 Bc5 7. c3 d6 8. a4 Rb8 9. d4 Bb6 10. axb5 axb5 11. Na3 Bg4 12. Nxb5 0-0 13. Be3 d5 14. exd5 Nxd5 15. h3 Bh5 16. Bc4 Nxe3 17. fxe3 e4 18. g4 exf3 19. Qxf3 Na5 20. Rxa5 Bxa5 21. b4 Rxb5 22. Bxb5 Bb6 23. gxh5 Qg5+ 24. Kh1 Qxb5 25. h6 f5 26. hxg7 Rf6 27. e4 Qc6 28. d5 Qc4 29. e5 Rg6 30. e6 Qh4 31. Qxf5 Rf6 32. e7 1-0

[Event "Nezhmetdinov Memorial 29th"]
[Site "Kazan"]
[Date "2007.06.01"]
[Round "1"]
[White "Gorbatjuk, Vladimir"]
[Black "Bezgodov, Alexei"]
[Result "0-1"]
[WhiteElo "2214"]
[BlackElo "2561"]
[PlyCount "51"]
[EventDate "2007.06.01"]
[EventType "swiss"]
[EventRounds "9"]
[EventCountry "RUS"]
[SourceTitle "CBM 119 Extra"]
[Source "ChessBase"]
[SourceDate "2007.09.04"]
[SourceVersion "1"]
[SourceVersionDate "2007.09.04"]
[SourceQuality "1"]

1. e4 e5 2. Nf3 Nc6 3. Bb5 Nf6 4. d3 Bc5 5. Nc3 d6 6. Be3 Bb6 7. Qe2 0-0 8. Bg5 h6 9. Bh4 Nd4 10. Nxd4 Bxd4 11. 0-0 g5 12. Bg3 Bg4 13. Qd2 Nh5 14. Kh1 Be6 15. Ne2 Bb6 16. d4 Qf6 17. f3 Nxg3+ 18. hxg3 exd4 19. f4 d3 20. Bxd3 Qg6 21. g4 Bxg4 22. Ng3 gxf4 23. Qxf4 Rae8 24. e5 dxe5 25. Bxg6 exf4 26. Bf5 0-1

[Event "Muhamedzjanov Memorial"]
[Site "Kazan"]
[Date "2007.02.03"]
[Round "9"]
[White "Gorbatjuk, Vladimir"]
[Black "Ioffe, Dmitry"]
[Result "1-0"]
[WhiteElo "2211"]
[BlackElo "2179"]
[PlyCount "89"]
[EventDate "2007.01.26"]
[EventType "swiss"]
[EventRounds "9"]
[EventCountry "RUS"]
[SourceTitle "EXT 2008"]
[Source "ChessBase"]
[SourceDate "2007.11.25"]
[SourceVersion "1"]
[SourceVersionDate "2007.11.25"]
[SourceQuality "1"]

1. e4 e5 2. Nf3 Nf6 3. Nc3 Bb4 4. Nxe5 0-0 5. Be2 Re8 6. Nd3 Bxc3 7. dxc3 Nxe4 8. 0-0 Nc6 9. Be3 d6 10. Nf4 Bf5 11. Bb5 Qd7 12. Re1 a6 13. Be2 h6 14. Nh5 Ne5 15. Bxh6 gxh6 16. f3 Re6 17. fxe4 Bxe4 18. Bg4 f5 19. Bxf5 Bxf5 20. Rxe5 Rf8 21. Rxe6 Qxe6 22. Qd4 Qe5 23. Qxe5 dxe5 24. Rf1 Bxc2 25. Rxf8+ Kxf8 26. Kf2 Ke7 27. Ke3 b6 28. g4 Bb1 29. a3 Bg6 30. Ng3 Ke6 31. h3 a5 32. c4 a4 33. Ne4 h5 34. gxh5 Bxh5 35. Nc3 Be8 36. Nb5 Kd7 37. Ke4 Bf7 38. c5 bxc5 39. Kxe5 Bb3 40. h4 Kc6 41. Nc3 Bc2 42. h5 c4 43. Ne4 c3 44. bxc3 Kb5 45. h6 1-0

[Event "Nezhmetdinov Memorial 28th"]
[Site "Kazan"]
[Date "2006.06.09"]
[Round "9"]
[White "Predke, Alexandr"]
[Black "Gorbatjuk, Vladimir"]
[Result "0-1"]
[WhiteElo "1998"]
[BlackElo "2226"]
[PlyCount "90"]
[EventDate "2006.06.01"]
[EventType "swiss"]
[EventRounds "9"]
[EventCountry "RUS"]
[SourceTitle "CBM 112 Extra"]
[Source "ChessBase"]
[SourceDate "2006.07.14"]
[SourceVersion "1"]
[SourceVersionDate "2006.07.14"]
[SourceQuality "1"]

1. e4 e5 2. Nf3 Nc6 3. Bb5 a6 4. Bxc6 dxc6 5. d4 exd4 6. Qxd4 Qxd4 7. Nxd4 Bd7 8. Be3 Bd6 9. Nd2 0-0-0 10. 0-0-0 f6 11. h3 h5 12. N2b3 Ne7 13. Ne2 Ng6 14. Nc5 Rhe8 15. Nxd7 Rxd7 16. f3 Nh4 17. Rde1 g5 18. Bf2 Nf5 19. g4 Ng7 20. Rd1 Ne6 21. Bg3 h4 22. Bh2 Red8 23. c3 c5 24. Bxd6 cxd6 25. c4 b5 26. b3 Rb7 27. cxb5 axb5 28. Rhf1 Ra7 29. Kb2 Kc7 30. f4 b4 31. f5 Rda8 32. Ra1 Nd8 33. Ng1 Nc6 34. Nf3 Re8 35. Rfe1 Kb6 36. Rad1 Rea8 37. Ra1 Re7 38. Rad1 Kc7 39. Rd5 Rae8 40. Nd2 Nd4 41. Rxd4 cxd4 42. Rc1+ Kd7 43. Rc4 Rc8 44. Rxd4 Rc3 45. Nc4 Rxh3 0-1

[Event "Nezhmetdinov Memorial 28th"]
[Site "Kazan"]
[Date "2006.06.07"]
[Round "7"]
[White "Gorbatjuk, Vladimir"]
[Black "Gazizov, Ravil"]
[Result "0-1"]
[WhiteElo "2226"]
[BlackElo "2254"]
[PlyCount "110"]
[EventDate "2006.06.01"]
[EventType "swiss"]
[EventRounds "9"]
[EventCountry "RUS"]
[SourceTitle "CBM 112 Extra"]
[Source "ChessBase"]
[SourceDate "2006.07.14"]
[SourceVersion "1"]
[SourceVersionDate "2006.07.14"]
[SourceQuality "1"]

1. e4 c5 2. Nf3 Nc6 3. Bb5 d6 4. 0-0 Bd7 5. Re1 a6 6. Bf1 Bg4 7. c3 Nf6 8. d4 cxd4 9. cxd4 d5 10. e5 Ng8 11. Nc3 e6 12. Be3 Nge7 13. Rc1 Bxf3 14. Qxf3 Nf5 15. Red1 h5 16. a3 Rc8 17. b4 g6 18. b5 axb5 19. Nxb5 Be7 20. Bd3 Ra8 21. Rb1 Kf8 22. Bxf5 gxf5 23. Bf4 Na5 24. Nd6 b6 25. Rdc1 Bxd6 26. exd6 Nc4 27. d7 Ra4 28. Rb4 Rxb4 29. axb4 Qxd7 30. Ra1 Qb7 31. Qg3 Ke7 32. Qg5+ Kd7 33. Qg7 Re8 34. Qxf7+ Re7 35. Qxh5 Kc6 36. h4 Rh7 37. Qe8+ Qd7 38. Qxd7+ Rxd7 39. h5 Kb5 40. Re1 Kxb4 41. Rxe6 b5 42. Bg5 Kc3 43. Re7 Rxe7 44. Bxe7 b4 45. h6 b3 46. h7 b2 47. h8Q b1Q+ 48. Kh2 Qe4 49. Bg5 Kd3 50. f3 Qxd4 51. Qh4 Qe5+ 52. f4 Qe4 53. Qh3+ Ne3 54. Qg3 Ke2 55. Kh3 d4 0-1